000 00999nam a22002777a 4500
005 20110420145955.0
008 110420t xxu||||| |||| 00| 0 eng d
010 _aENG-102252
020 _a9780071072755
_c195.00
020 _a0071072756
_c195.00
035 _aEN-85785
037 _bDBAD/PUB
040 _adpl
_bEnglish
082 _a005.42
100 _927344
245 _aApplication of .net technology :
_bbased on the latest syllabus of DOEACC 'O' level for M4.1-R4 /
260 _aNew Delhi
_bTata McGraw-Hill
_c2011
270 _a7 West Patel Nagar,
_bNew Delhi
_e110008
300 _axv,235p. :
_c23cm (pbk)
_bill.
500 _aIncludes index
650 _927345
700 _927361
942 _2ddc
_cEN
_h005.42
_mAPP
999 _c51727
_d51727